000 01831 am a2200445 a 4500
005 20240517115616.0
008 100504s1999||||ag ||||f |||| 000 0 spa d
020 _a9874304847
041 _aspa
092 _c616.079
_l24
_sFAI
100 1 _aFainboim, Leonardo.
_9249
245 _aIntroducción a la Inmunología Humana /
_cLeonardo Fainboim
250 _a4a ed.
260 _aBuenos Aires:
_bEdición del autor;
_c1999.
300 _a387 p.
500 _aFainboim, L., Satz, M. L. y Geffner, J. (1999). Introducción a la Inmunología Humana. (4a ed.). Buenos Aires : Edición del autor.
590 _aDonación Cecilia Fontana, 2007
653 _aInmunología humana
653 _aConceptos generales de inmunidad
653 _aAnticuerpos: estructura y función
653 _aGeneración de diversidad en lso anticuerpos
653 _aEstructura y función del complejo mayor de histocompatibilidad
653 _aProcesamiento y presentación antigénica a los linfocitos T
653 _aReceptor para el antígeno en el linfocito T
653 _aOntogenia linfocitaria
653 _aTráfico leucocitario
653 _aActivación de los linfocitos T y B
653 _aMecanismos efectores de la respuesta inmune propios a la inmunidad innata
653 _aMecanismos efectores de la respuesta inmune: inmunidad adaptativa mediada por linfocitos T
653 _aMecanismos efectores de la respuesta inmune. Inmunidad adaptativa mediada por linfocitos B: la respuesta inmune humoral
653 _aRespuesta inmune frente a agentes infecciosos
653 _aHipersensibilidad
653 _aAutoinmunidad y tolerancia
653 _aInmunodeficiencias
700 1 _aSatz, M. Leonardo.
_9250
700 1 _aGeffner, Jorge.
_9251
930 _a1821
930 _a1665
942 _2ddc
_cBK
_01
999 _c288
_d288